Catalog

Record Details

Catalog Search



The big book of pi : the famous number you can ... Read More

Lehmann, Anita.(author.).
Aubin, Jean-Baptiste,(author.). Sildre, Joonas,(illustrator.).

Available copies

  • 1 of 2 copies available at LARL/NWRL Consortium.
  • 1 of 2 copies available at Lake Agassiz Regional Library. (Show preferred library)

Current holds

1 current hold with 2 total copies.

Show All Copies
Location Call Number / Copy Notes Barcode Shelving Location Status Due Date
Barnesville Public Library J 512 LEH (Text) 33500014343636 New Available -

Record details

  • ISBN: 3039640895
  • ISBN: 9783039640898
  • Physical Description: 87 pages : color illustrations ; 28 cm
  • Publisher: Basel, Switzerland : HELVETIQ, [2026]

Content descriptions

Summary, etc.:
For millennia, humans have been obsessed with the ... Read More
Subject: Mathematics > Juvenile literature.
Pi > Juvenile literature.
LDR 01991cam a2200397 i 4500
001479133
003LARL_NWRL_CONSORTIUM
00520260311173711.0
008250205s2026 sz a j 000 0 eng d
040 . ‡aYDX ‡beng ‡erda ‡cYDX ‡dBDX ‡dOCLCQ ‡dIG# ‡dCHILD ‡dOCLCO ‡dJBZ
020 . ‡a3039640895
020 . ‡a9783039640898
035 . ‡a(OCoLC)1492897665
08214. ‡a512 ‡223
1001 . ‡aLehmann, Anita. ‡eauthor.
24504. ‡aThe big book of pi : ‡bthe famous number you can never know / ‡cAnita Lehmann ; Jean-Baptiste Aubin; Joonas Sildre.
264 1. ‡aBasel, Switzerland : ‡bHELVETIQ, ‡c[2026]
264 4. ‡c©2026
300 . ‡a87 pages : ‡bcolor illustrations ; ‡c28 cm
336 . ‡atext ‡btxt ‡2rdacontent
337 . ‡aunmediated ‡bn ‡2rdamedia
338 . ‡avolume ‡bnc ‡2rdacarrier
520 . ‡aFor millennia, humans have been obsessed with the number Pi. We needed it for architecture, geometry and astronomy, and so it was sought by the ancient Egyptians, the Mayans and the ancient Chinese. But no one has ever found it and no one ever will because Pi is infinite and irrational. Its decimals contain the birthdates of all the children who have ever lived, every piece of music, the complete works of Shakespeare. Pi never ends and can t be learned, but humans keep on trying. Today, we know trillions of decimals of Pi, even if the first fifteen are more than enough to send a rocket to Mars!
650 0. ‡aMathematics ‡vJuvenile literature. ‡0(LARL_NWRL_CONSORTIUM)166147
650 0. ‡aPi ‡vJuvenile literature.
7001 . ‡aAubin, Jean-Baptiste, ‡eauthor.
7001 . ‡aSildre, Joonas, ‡eillustrator.
936 . ‡aBATCHLOAD
905 . ‡uvanderl
901 . ‡a479133 ‡bAUTOGEN ‡c479133 ‡tbiblio ‡soclc

Additional Resources